UBT Library

The desktop studio : (Record no. 40528)

000 -LEADER
fixed length control field 00753cam a22002294a 4500
001 - CONTROL NUMBER
control field 12928823
005 - DATE AND TIME OF LATEST TRANSACTION
control field 20180119035725.0
008 - FIXED-LENGTH DATA ELEMENTS--GENERAL INFORMATION
fixed length control field 020913s2002 wiua 001 0 eng
010 ## - LIBRARY OF CONGRESS CONTROL NUMBER
LC control number 2002014828
020 ## - INTERNATIONAL STANDARD BOOK NUMBER
International Standard Book Number 0634030191 (alk. paper)
040 ## - CATALOGING SOURCE
Original cataloging agency DLC
Transcribing agency DLC
Modifying agency DLC
041 ## - LANGUAGE CODE
Language code of text/sound track or separate title eng
042 ## - AUTHENTICATION CODE
Authentication code pcc
080 ## - UNIVERSAL DECIMAL CLASSIFICATION NUMBER
Universal Decimal Classification number 621.38932 MEN
082 00 - DEWEY DECIMAL CLASSIFICATION NUMBER
Classification number 621.38932 MEN
Edition number 21
100 1# - Rafti
Rafti 40
101 ## - Shkurtesa
Shkurtesa MED
245 14 - TITLE STATEMENT
Title The desktop studio :
Statement of responsibility, etc Emile D. Menasché.
906 ## - LOCAL DATA ELEMENT F, LDF (RLIN)
a 7
b cbc
c orignew
d 1
e ecip
f 20
g y-gencatlg
942 ## - ADDED ENTRY ELEMENTS (KOHA)
Source of classification or shelving scheme
Item type Books
Holdings
Withdrawn status Lost status Source of classification or shelving scheme Damaged status Not for loan Collection code Permanent location Current location Shelving location Date acquired Total Checkouts Full call number Barcode Date last seen Price effective from Koha item type
          Koleksioni i përgjithshem UBT - Lipjan UBT - Lipjan Koleksioni i përgjithshem 01/19/2018   621.38932 MEN 002-2995716 01/19/2018 01/19/2018 Books
UBT Library © 2015-2024. All rights reserved University Education for Business and Technology